| 000 | 03120nam a2200373 a 4500 | ||
|---|---|---|---|
| 001 | ebr10141522 | ||
| 003 | CaPaEBR | ||
| 006 | m u | ||
| 007 | cr cn||||||||| | ||
| 008 | 020312s2001 quca sb 000 0 eng | ||
| 020 | _z077352200X (bound : acid-free paper) | ||
| 020 | _z0773522182 (pbk.) | ||
| 040 |
_aCaPaEBR _cCaPaEBR |
||
| 035 | _a(OCoLC)181843470 | ||
| 043 | _an-cn--- | ||
| 050 | 1 | 4 |
_aJZ6368 _b.H86 2001eb |
| 082 | 0 | 4 |
_a341.5/84 _221 |
| 245 | 0 | 0 |
_aHuman security and the new diplomacy _h[electronic resource] : _bprotecting people, promoting peace / _cedited by Rob McRae & Don Hubert. |
| 260 |
_aMontreal : _bMcGill-Queen's University Press, _c2001. |
||
| 300 |
_axxii, 279 p. : _bill. |
||
| 504 | _aIncludes bibliographical references. | ||
| 505 | 0 | _aHuman security in a globalized world / Rob McRae -- Case study : landmines and human security -- The evolution of peacekeeping / Patricia Fortier -- Case study : peacekeeping in Sierra Leone / Alan Bones -- Case study : the challenge of microdisarmament / Jennifer Loten -- Peacebuilding in postconflict societies / Michael Small -- Case study : Bosnia and Herzegovina / Sam Hanson -- Case study : Haiti / David Lee -- Case study : Guatemala / Daniel Livermore -- Humanitarian military intervention / Don Hubert and Michael Bonser -- Case study : the Kosovo air campaign / Paul Heinbecker and Rob McRae -- Protecting the most vulnerable : war-affected children / Carmen Sorger and Eric Hoskins -- Case study : the optional protocol on the involvement of children in armed conflict / Ross Snyder -- The evolution of international humanitarian law / Darryl Robinson and Valerie Oosterveld -- Case study : the international criminal court / Darryl Robinson -- Resources, greed, and the persistence of violent conflict / Don Hubert -- Case study : Angola sanctions / Robert Fowler and David Angell -- Transnational crime in a borderless world / Terry Cormier -- Case study : terrorism / Victor Rakmil -- The new multilateralism / Roman Waschuk -- Case study : the Security Council and the protection of civilians / Elissa Golberg and Don Hubert -- Case study : the human security network / Michael Small -- Human security, connectivity, and the new global civil society / Rob McRae -- Conclusion : international relations and the new diplomacy / Rob McRae -- Postscript : reflections on the Ghana Conference and the Freetown visit / Lloyd Axworthy -- Timeline : human security in Canadian foreign policy. | |
| 533 |
_aElectronic reproduction. _bPalo Alto, Calif. : _cebrary, _d2013. _nAvailable via World Wide Web. _nAccess may be limited to ebrary affiliated libraries. |
||
| 650 | 0 | _aPeacekeeping forces. | |
| 650 | 0 | _aHumanitarian intervention. | |
| 650 | 0 | _aSecurity, International. | |
| 650 | 0 | _aConflict management. | |
| 651 | 0 |
_aCanada _xForeign relations. |
|
| 655 | 7 |
_aElectronic books. _2local |
|
| 700 | 1 | _aMcRae, Robert Grant. | |
| 700 | 1 | _aHubert, Don. | |
| 710 | 2 | _aebrary, Inc. | |
| 856 | 4 | 0 |
_uhttp://site.ebrary.com/lib/rucke/Doc?id=10141522 _zAn electronic book accessible through the World Wide Web; click to view |
| 999 |
_c186417 _d186417 |
||